=LDR 00000nam 2200000 4500 =001 INLIS000000000040297 =005 20130612145851 =008 ***********************************ind** =035 ##$$a0010-061300000040297 =041 ##$$a ind =082 ##$$a 745.5 =090 ##$$a 745.5, har u.2 =245 ##$$a usaha dan kreasi unik , hantaran pengantin =260 ##$$a 2010 $b yogyakarta =300 ##$$a 56 hlm, ilus, 24 cm =850 ##$$a NBPNMAT =990 ##$$a 0001/BPAP-NTB/20142014